Formel 1: Weltmeister in unterschiedlichen Teams - Sudden Death - Statistiken

Allgemein
  • Dieses Quiz wurde 121 mal gespielt
    61 seit der letzten Aktualisierung
  • Das Durchschnittsergebnis liegt bei 5 aus 10
Answers on the Grid
Answers color-coded by a green-red scale on the quiz's grid according to % correct below.
Giuseppe Farina
Mike Hawthorn
Jim Clark
Jackie Stewart
Lando Norris
Emerson Fittipaldi
Damon Hill
Jody Scheckter
Juan Manuel Fangio
Jochen Rindt
Alan Jones
Mario Andretti
Keke Rosberg
Nelson Piquet
Niki Lauda
Jacques Villeneuve
Alain Prost
James Hunt
Denny Hulme
Ayrton Senna
Michael Schumacher
Mika Hakkinen
John Surtees
Kimi Raikkonen
Fernando Alonso
Max Verstappen
Alberto Ascari
Nico Rosberg
Phil Hill
Jenson Button
Lewis Hamilton
Graham Hill
Jack Brabham
Nigel Mansell
Sebastian Vettel
 
Antwortstatistiken
Antwort % Korrekt
Benetton, Ferrari Michael Schumacher
92%
Ferrari, McLaren Niki Lauda
62%
McLaren, Williams Alain Prost
54%
Cooper, Brabham Jack Brabham
54%
Alfa Romeo, Ferrari, Mercedes, Maserati Juan Manuel Fangio
54%
McLaren, Mercedes Lewis Hamilton
54%
Brabham, Williams Nelson Piquet
46%
Matra, Tyrrell Jackie Stewart
42%
Lotus, McLaren Emerson Fittipaldi
35%
B.R.M., Lotus Graham Hill
27%
Keine übereinstimmenden Quizze gefunden
Verteilung der Resultate
Anzahl Personen mit jedem Resultat
Perzentil nach korrekt beantworteten Fragen
Ihre Resultats-Entwicklung
Sie haben dieses Quiz seit der letzten Aktualisierung nicht gespielt